| 000 | 00932nam a2200217 4500 | ||
|---|---|---|---|
| 008 | 171201b xxu||||| |||| 00| 0 eng d | ||
| 020 | _a0-471-93931-5 (cloth) | ||
| 082 |
_21995 _aDC 628 _bB63 |
||
| 100 |
_923871 _aBoeker, Egbert |
||
| 245 |
_aEnvironmental physics / _cEgbert Boeker and Rienk van Grondelle |
||
| 260 |
_aChichester : _bJohn Wiley & Sons, _c©1995. |
||
| 300 |
_axii, 448 pages : _billustrations ; _c24 cm. |
||
| 500 | _aIncludes bibliographical references and index. | ||
| 505 | _aThe essentials of environmental physics -- Elementary spectroscopy -- The global climate -- Energy for human use -- Transport of pollutants -- Noise -- Environmental spectroscopy: some examples -- The context of society | ||
| 650 | 0 |
_923872 _aEnvironmental sciences |
|
| 650 | 0 |
_923873 _aPhysics |
|
| 650 | 0 |
_923874 _aAtmospheric physics |
|
| 700 |
_923875 _aGrondelle, Rienk van |
||
| 365 |
_b1,716.00 _cPhp |
||
| 942 |
_2ddc _cDC |
||
| 999 |
_c7852 _d7852 |
||